'S' Celebrity Images Quiz Stats

 Plays Quiz Updated Dec 14, 2018

Support Sporcle.
Go Orange.
Score 0/20 Timer 05:00
1 Play Today
% Correct
Will Smith
98.2%
Adam Sandler
92.3%
Britney Spears
91.5%
Sylvester Stallone
88.9%
O.J. Simpson
87%
Jerry Seinfeld
82.7%
Steven Spielberg
81.5%
Gwen Stefani
80.2%
Kiefer Sutherland
71.9%
Gene Simmons
71.7%
% Correct
Ringo Starr
67.8%
Susan Sarandon
67.5%
Brooke Shields
66.4%
Jon Stewart
65.4%
Tori Spelling
61.2%
Pat Sajak
53.2%
Donna Summer
49.4%
Monica Seles
35.9%
Katey Sagal
33.8%
Suzanne Somers
29.9%

From the Vault

South American Cities Spelling Bee

by Pilgab

Geography 45s
Unfortunately, buzzing around and making honey probably won't help you spell.
Remove Ads.
Support Sporcle.
Get the best of Sporcle when you Go Orange. This ad-free experience offers more features, more stats, and more fun while also helping to support Sporcle. Thank you for becoming a member.

Show Comments

Extras

Top Quizzes Today


Score Distribution

Your Account Isn't Verified!

In order to create a playlist on Sporcle, you need to verify the email address you used during registration. Go to your Sporcle Settings to finish the process.

Report this User

Report this user for behavior that violates our Community Guidelines.

Details: